| 000 | 01157nam a2200241Ia 4500 | ||
|---|---|---|---|
| 003 | OSt | ||
| 005 | 20210113090001.0 | ||
| 008 | 191128s2016 ck adb fr 000 0 spa d | ||
| 020 | _a9789588340975 | ||
| 040 |
_aCO-JMCR _cCO-JMCR |
||
| 041 | 0 | _aspa | |
| 082 | 0 | 4 |
_a338.986 / _bG643m _223 |
| 100 | 1 |
_aGonzález Restrepo, John Mario, _ecompilador _97530 |
|
| 245 | 1 | 0 |
_aMemorias de los diálogos regionales para la construcción del Plan Nacional de Desarrollo, 2014-2018 / _cDepartamento Nacional de Planeación ; compilador John Mario González Restrepo |
| 260 |
_aBogotá : _bDepartamento Nacional de Planeación, _c2016 |
||
| 300 |
_a70 páginas : _bgráficos y mapas a color ; _c27 cm. |
||
| 504 | _aBibliografía: páginas 69-70 | ||
| 505 | 0 | _aEl salto cualitativo del enfoque territorial del Plan Nacional de Desarrollo 2014-2018 -- Una herencia de brechas -- Un enfoque para profundizar la descentralización -- Marco metodológico | |
| 650 | 1 | 4 |
_aPlanes de desarrollo _y2014-2018 _zColombia _97527 |
| 650 | 1 | 4 |
_aDesarrollo económico _y2014-2018 _zColombia _97528 |
| 650 | 1 | 4 |
_aIndicadores económicos _y2014-2018 _zColombia _97529 |
| 942 |
_2ddc _cBK |
||
| 999 |
_c4246 _d4246 |
||